| 000 | 00924nam a2200265 i 4500 | ||
|---|---|---|---|
| 001 | bg | ||
| 245 | 0 | 0 |
_aSystemy informatyczne zarządzania : _b[Częstochowa 14 maja 1997]. |
| 260 |
_aCzęstochowa : _bWydaw. PC, _c1997. |
||
| 300 |
_a162 s. : _brys., wykr. ; _c23 cm. |
||
| 490 | 1 |
_aZarządzanie / Politechnika Częstochowska, _x1427-7700 ; _v2 |
|
| 504 | _aBibliogr. przy ref. | ||
| 650 | 9 |
_aInformacja dla zarządzania _xautomatyzacja |
|
| 650 | 9 |
_aSystemy informatyczne _xstosowanie _xgospodarka |
|
| 650 | 9 |
_aPrzedsiębiorstwo _xorganizacja _xautomatyzacja |
|
| 655 | _aMateriały konferencyjne | ||
| 710 | 0 | _aPOLITECHNIKA CZĘSTOCHOWSKA (Częstochowa) | |
| 830 | 0 |
_aZarządzanie (Politechnika Częstochowska) ; _v2 |
|
| 020 | _a837193002X | ||
| 040 | _cBPK | ||
| 041 | 0 | _apl | |
| 080 | _a658.1/.5.011.56:004.7](061.3) | ||
| 920 | _a83-7193-002-X | ||
| 942 | _cKS | ||
| 008 | s pl f |000 0 pol | ||
| 999 |
_c32802 _d32802 |
||
| 856 |
_uhttp://koha.tu.koszalin.pl/cgi-bin/koha/opac-detail.pl?biblionumber=32802 _yKatalog online BPK |
||